• 首页
  • 本馆介绍
  • 公告通知
  • 最新文献
  • 馆藏检索
  • 电子资源
  • 读者导购
  • 参考咨询
  • 我的图书馆
  • 登录
  • 详细信息显示
  • 放入我的书架
  • 预约/预借图书
  • 作者相关作品
  • 分类相关作品
  • 丛书相关作品
  • 出版社相关作品

书目信息

  • 表格格式
  • 工作单格式
  • 卡片格式
题名:
金融理财原理
    
 
作者: ;北京金融培训中心 , 北京当代金融培训公司 组织编写
分册: 上  
出版信息: 北京   中信出版社  2009
页数: 27,17,759页
开本: 24cm
丛书名:
单 册:
中图分类: F830.59
科图分类:
主题词: 金融投资--考核--自学参考资料 , 金融投资
电子资源:
ISBN: 978-7-5086-1630-8
000 01268nam0 2200289 45
001 1029859152
005 20100428150636.32
010    @a978-7-5086-1630-8@dCNY78.00
100    @a20100420e2009 em y0chiy50 ea
101 0  @achi
102    @aCN@b110000
105    @ay z 000yy
106    @ar
200 1  @a金融理财原理@AJin Rong Li Cai Yuan Li@dFundamentals of financial planning@h上@HShang@f北京金融培训中心,北京当代金融培训有限公司联合组织编写@FBei Jing Jin Rong Pei Xun Zhong Xin, Bei Jing Dang Dai Jin Rong Pei Xun You Xian Gong Si Lian He Zu Zhi Bian Xie@zeng
205    @a修订版
210    @a北京@c中信出版社@d2009
215    @a27,17,759页@d24cm
300    @aAFP金融理财师资格认证考试参考用书
330    @a本书介绍了金融理财基础知识与技能,内容包括:金融理财概述、CFP资格认证制度、金融机构功能与监管、金融理财与法律、金融计算工具与方法、家庭信用管理等。
510 1  @aFundamentals of financial planning@zeng
606 0  @a金融投资@x考核@j自学参考资料
606 0  @a金融投资
690    @aF830.59@v4
711 02 @a北京金融培训中心@ABei Jing Jin Rong Pei Xun Zhong Xin@4组织编写
711 02 @a北京当代金融培训公司@ABei Jing Dang Dai Jin Rong Pei Xun Gong Si@4组织编写
801  0 @aCN@bTANGWEI@c20100428
905    @b0593238-42@dF830.59@e194:1=2@f5
    
    金融理财原理=Fundamentals of financial planning.上/北京金融培训中心,北京当代金融培训有限公司联合组织编写.-修订版.-北京:中信出版社,2009
    27,17,759页;24cm
    AFP金融理财师资格认证考试参考用书
    
    ISBN 978-7-5086-1630-8:CNY78.00
    本书介绍了金融理财基础知识与技能,内容包括:金融理财概述、CFP资格认证制度、金融机构功能与监管、金融理财与法律、金融计算工具与方法、家庭信用管理等。
●
相关链接 在E读中查询图书 在五车中查询图书 在当当中查询图书 在豆瓣中查询图书


正题名:金融理财原理     索取号:F830.59/194:1=2         预约/预借

序号 登录号 条形码 馆藏地/架位号 状态 备注
1 0593238   205932384   第一样本阅览室/ [索取号:F830.59/194:1=2] 在馆    
2 0593239   205932393   第一借阅区/ [索取号:F830.59/194:1=2] 在馆    
3 0593240   205932400   第一借阅区/ [索取号:F830.59/194:1=2] 在馆    
4 0593241   205932419   第一借阅区/ [索取号:F830.59/194:1=2] 在馆    
5 0593242   205932428   第一借阅区/ [索取号:F830.59/194:1=2] 在馆    
唐山师范学院图书馆 欢迎您!
大连网信软件有限公司© 版权所有